| 000 | 02688cam a22006014i 4500 | ||
|---|---|---|---|
| 003 | PE-LiUPU | ||
| 005 | 20250731170455.0 | ||
| 008 | 150706s2009 flua r 000 0 spa d | ||
| 020 | _a9780829753783 | ||
| 035 | _a(Sirsi) i9780829753783 | ||
| 040 |
_aPE-LiUPU _bspa _cPE-LiUPU _erda |
||
| 049 | _aPRUA | ||
| 082 | 0 | 4 |
_a102.02 _bM66 _221 |
| 100 | 1 |
_aMitchell Vincent, Craig, _eautor. |
|
| 245 | 1 | 0 |
_aCuadros sinópticos de filosofía y filósofos : _bmás de 200 cuadros / _cCraig Vincent Mitchell. |
| 264 | 1 |
_aMiami, Florida : _bVida, _c2009. |
|
| 300 |
_a207 páginas : _bilustraciones ; _c28 centímetros |
||
| 336 |
_atext _2rdacontent |
||
| 337 |
_aunmediated _2rdamedia |
||
| 338 |
_avolume _2rdacarrier |
||
| 500 | _aTitulo original :Charts of philosophy and philosophers. | ||
| 505 | 0 | _aDisciplinas clásicas -- Lógica -- Metafísica -- Epistemología -- Ética -- Filosofía política -- Filosofía Analítica -- Historia de la filosofía analítica -- Filosofía del lenguaje -- Filosofía de la ciencia -- Filosofía de la mente -- Filosofía continental -- Romanticismo -- Existencialismo/Fenomenología -- Estructuralismo/Post-Estructuralismo -- Teoría crítica -- Hermenéutica -- Filosofía de la religión -- Historia de la filosofía de la religión -- Lenguaje religioso -- Teología filosófica -- Apologética -- Ética cristiana -- Historia de la filosofía -- Divisiones principales en la historia de la filosofía -- Líneas de tiempo -- Principales filósofos -- Filósofos pre modernos -- Filósofos modernos/racionalistas continentales -- Filósofos modernos/empiristas británicos. | |
| 526 | _aSEG68 | ||
| 526 | _aSEG70 | ||
| 526 | _aSEG69 | ||
| 526 | _aSEG67 | ||
| 526 | _aSEG43 | ||
| 526 | _aP144 | ||
| 526 | _aP143 | ||
| 526 | _aP131 | ||
| 526 | _aP122 | ||
| 526 | _aP120 | ||
| 526 | _aP117 | ||
| 526 | _aP112 | ||
| 526 | _aP110 | ||
| 526 | _aP106 | ||
| 526 | _aP101 | ||
| 526 | _aP80 | ||
| 526 | _aP59 | ||
| 526 | _aP54 | ||
| 526 | _aP35 | ||
| 526 | _aP33 | ||
| 526 | _aP30 | ||
| 541 | _g001-0000604; | ||
| 650 | 0 | 4 |
_aFilosofía _xIntroducciones. |
| 700 | 1 |
_aSawin, Gisela, _etr. |
|
| 910 |
_agl _bjv _clch _d20121026 |
||
| 942 |
_2ddc _cBOOK |
||
| 949 |
_a102.02 M66 _wDEWEY _c1 _i65669 _lCCODEBUL1 _mBUL _p31.00 _r0 _sY _tBOOK _u2015-7-6 _xTEOLOGIA _PP35 _o.STAFF. Colección Teología |
||
| 994 |
_aC0 _bPEPRU |
||
| 596 | _a1 | ||
| 999 |
_a102.02 M66 _wDEWEY _c54105 _i65669 _d54105 _e2018-3-22 _f2021-11-4 _g6 _lCCODEBUL1 _mBUL _n9 _p31.00 _q7 _r0 _sY _tBOOK _u2015-7-6 _xBIBLIOTECA _PP35 _0COMPRA _o.STAFF. Colección Teología |
||
| 980 |
_81 _gALBERTO SANCHEZ Responsable de Automatización |
||